Normal view MARC view
  • Stallings, William

Entry Personal Name

Number of records used in: 31

001 - CONTROL NUMBER

  • control field: 220

003 - CONTROL NUMBER IDENTIFIER

  • control field: NUST

005 - DATE AND TIME OF LATEST TRANSACTION

  • control field: 20170509153842.0

008 - FIXED-LENGTH DATA ELEMENTS

  • fixed length control field: 170509|| aca||aabn | a|a d

040 ## - CATALOGING SOURCE

  • Original cataloging agency: NUST
  • Transcribing agency: NUST

100 ## - HEADING--PERSONAL NAME

  • Personal name: Stallings, William

670 ## - SOURCE DATA FOUND

  • Source citation: Work cat.: (NUST)23282: Stallings, William, Computer organization and architecture , c2007
© 2023 Central Library, National University of Sciences and Technology. All Rights Reserved.